Normal view
MARC view
- Construction Engineering and Managment MS-Thesis.
Entry Topical Term
001 - CONTROL NUMBER
- control field: 29158
003 - CONTROL NUMBER IDENTIFIER
- control field: NUST
005 - DATE AND TIME OF LATEST TRANSACTION
- control field: 20200615133355.0
008 - FIXED-LENGTH DATA ELEMENTS
- fixed length control field: 200615|| aca||aabn | a|a d
040 ## - CATALOGING SOURCE
- Original cataloging agency: NUST
- Transcribing agency: NUST
150 ## - HEADING--TOPICAL TERM
- Topical term or geographic name entry element: Construction Engineering and Managment MS-Thesis.
670 ## - SOURCE DATA FOUND
- Source citation: Work cat.: (NUST): Azeem, Moazzam 29157, Sustained competitiveness in Pakistan construction sector /, 2014.
